Messze hangzik a diákok szava Nagyvárosok a számok mögött /
Elmentve itt :
| Szerző: | |
|---|---|
| Dokumentumtípus: | Cikk |
| Megjelent: |
1990-10-17
|
| Sorozat: | Délmagyarország
80 No. 265 |
| Kulcsszavak: | településtörténet |
| Online Access: | http://dmarchiv.bibl.u-szeged.hu/102165 |
| LEADER | 00496nab a2200157 i 4500 | ||
|---|---|---|---|
| 001 | delm102165 | ||
| 005 | 20190925102343.0 | ||
| 008 | 190925s1990 hu o 0|| hun d | ||
| 040 | |a SZTE Délmagyarország Archívum |b hun | ||
| 041 | |a hun | ||
| 100 | 1 | |a Kovács András | |
| 245 | 1 | 0 | |a Messze hangzik a diákok szava |h [elektronikus dokumentum] : |b Nagyvárosok a számok mögött / |c Kovács András |
| 260 | |c 1990-10-17 | ||
| 300 | |a 3 | ||
| 490 | 0 | |a Délmagyarország |v 80 No. 265 | |
| 695 | |a településtörténet | ||